000 00617nam a2200193 a 4500
001 000046618
005 20201002053014.0
008 110526s2004 dr ac 000 0 spa d
040 _aDO-SdBNP
_bspa
_cBNPHU
082 _axxxxx
_bW766c
100 1 _aWindt Lavandier, Julio de,
_d1893-1970
_974617
245 1 0 _aCastalia de cristal /
_cJulio de Windt Lavandier.
250 _a2a. ed. ampl.
260 _aSanto Domingo :
_bSoto Castillo,
_c2004.
300 _a231 p. :
_bil., retrs. ;
_c23 cm.
500 _aIncluye datos biográficos del autor en las solapas
504 _aBibliografías : p. 229-231
049 _aBNPD
999 _c46107
_d46107